La Philosophie critique de l'histoire (Record no. 6235)

MARC details
000 -LEADER
campo de control de longitud fija 00811nam a2200265 i 4500
001 - NÚMERO DE CONTROL
campo de control 6235
003 - IDENTIFICADOR DE NÚMERO DE CONTROL
campo de control ES-MaACL
005 - FECHA Y HORA DE LA ÚLTIMA TRANSACCIÓN
campo de control 20251015063039.0
007 - CAMPO FIJO DE DESCRIPCIÓN FÍSICA--INFORMACIÓN GENERAL
campo de control de longitud fija t|
008 - DATOS DE LONGITUD FIJA--INFORMACIÓN GENERAL
campo de control de longitud fija 890908s1987 fr ||||1| fre d
020 ## - NÚMERO INTERNACIONAL ESTÁNDAR DEL LIBRO
Número Internacional Estándar del Libro 2-260-00501-2
080 ## - NÚMERO DE LA CLASIFICACIÓN DECIMAL UNIVERSAL
Número de la Clasificación Decimal Universal 1:9
080 ## - NÚMERO DE LA CLASIFICACIÓN DECIMAL UNIVERSAL
Número de la Clasificación Decimal Universal 901
100 1# - ENTRADA PRINCIPAL--NOMBRE DE PERSONA
Nombre de persona Aron, Raymond,
Fechas asociadas al nombre 1905-1983
9 (RLIN) 23155
245 13 - MENCIÓN DEL TÍTULO
Título La Philosophie critique de l'histoire
Resto del título : essai sur une theorie allemande de l'histoire /
Mención de responsabilidad, etc. Raymond Aron.
250 ## - MENCION DE EDICION
Mención de edición Nouvelle ed.
Resto de la mención de edición revue et annotee par Sylvie Mesure.
260 ## - PUBLICACIÓN, DISTRIBUCIÓN, ETC.
Lugar de publicación, distribución, etc. Paris :
Nombre del editor, distribuidor, etc. Julliard,
Fecha de publicación, distribución, etc. 1987.
300 ## - DESCRIPCIÓN FÍSICA
Extensión 377 p. ;
Dimensiones 23 cm.
500 ## - NOTA GENERAL
Nota general Bibliografia.
500 ## - NOTA GENERAL
Nota general Indices.
650 #4 - PUNTO DE ACCESO ADICIONAL DE MATERIA--TÉRMINO DE MATERIA
Término de materia o nombre geográfico como elemento de entrada Historia-
Subdivisión general Filosofía.
9 (RLIN) 13380
700 1# - ENTRADA AGREGADA--NOMBRE PERSONAL
Nombre de persona Mesure, Sylvie.
9 (RLIN) 80715
852 ## - LOCALIZACIÓN
Ubicación ES-MaACL
Número de control de estantería L-13375
Sublocalización o colección R.115560
Nota libre . - rust.
Holdings
Estatus retirado Estado de pérdida Estado de daño No para préstamo Biblioteca de origen Biblioteca actual Ubicación en estantería Fecha de adquisición Fuente de adquisición Total de préstamos Signatura topográfica completa Código de barras Visto por última vez Precio de reemplazo Tipo de ítem Koha
        Biblioteca del Ateneo de Madrid Biblioteca del Ateneo de Madrid Depósito 2 17/01/2008     L-13375 1006347 23/02/2023 23/02/2023 Libro impreso